[Event "Prague International Open"]
[Site "Prague CZE"]
[Date "2019.03.11"]
[Round "4.43"]
[White "Rodshtein, Tereza"]
[Black "Tancsa, Tamas"]
[Result "1-0"]
[WhiteTitle "WGM"]
[WhiteElo "2254"]
[BlackElo "2026"]
[WhiteFideId "325449"]
[BlackFideId "783749"]
[EventDate "2019.03.09"]

1. e4 e5 2. Nf3 Nc6 3. Bc4 Nf6 4. d3 h6 5. c3 d6 6. Nbd2 g5 7. Bb3 g4 8. Ng1 h5
9. Ne2 Bh6 10. Nc4 Be6 11. Bxh6 Rxh6 12. Qd2 Rg6 13. O-O-O Qe7 14. Ne3 O-O-O 15.
Ba4 Nb8 16. Ng3 d5 17. Qc2 Na6 18. Rhe1 d4 19. Nef5 Qf8 20. Kb1 Kb8 21. Bb5 Nc5
22. cxd4 exd4 23. Rc1 a6 24. Qxc5 Qxc5 25. Rxc5 axb5 26. Rxb5 c6 27. Rb4 c5 28.
Rb5 h4 29. Ne2 Nd7 30. Ne7 Rf6 31. Nc6+ Kc7 32. Nxd8 Kxd8 33. Rf1 Kc7 34. f4
gxf3 35. Rxf3 Rxf3 36. gxf3 Kc6 37. a4 Bh3 38. Kc2 f6 39. b4 b6 40. bxc5 bxc5 1-0

[Event "Prague International Open"]
[Site "Prague CZE"]
[Date "2019.03.11"]
[Round "4.44"]
[White "Van Foreest, Machteld"]
[Black "Paprocki, Jaroslaw"]
[Result "0-1"]
[WhiteElo "2033"]
[BlackElo "2206"]
[WhiteFideId "1051563"]
[BlackFideId "1122274"]
[EventDate "2019.03.09"]

1. e4 e5 2. Nf3 Nc6 3. Bc4 Bc5 4. c3 Nf6 5. d3 d6 6. Bb3 a6 7. h3 h6 8. Nbd2 Ba7
9. Nf1 d5 10. Qe2 dxe4 11. dxe4 Qe7 12. Be3 Be6 13. Bxe6 Qxe6 14. Bxa7 Nxa7 15.
Ng3 O-O-O 16. Nd2 h5 17. h4 Rd7 18. Qc4 Qg4 19. Qe2 Qe6 20. Qc4 Qb6 21. Qb3 Nb5
22. Rf1 Rhd8 23. O-O-O Ng4 24. Nf3 Rxd1+ 25. Rxd1 Rxd1+ 26. Qxd1 Qxf2 27. Nf5
Nd6 28. Nxd6+ cxd6 29. Qxd6 Qf1+ 30. Kc2 Ne3+ 31. Kb3 Qc4+ 0-1

[Event "Prague International Open"]
[Site "Prague CZE"]
[Date "2019.03.11"]
[Round "4.46"]
[White "Pacl, Vaclav"]
[Black "Kemarsky, Alexander"]
[Result "1/2-1/2"]
[WhiteTitle "FM"]
[WhiteElo "2028"]
[BlackElo "2195"]
[WhiteFideId "302031"]
[BlackFideId "2814196"]
[EventDate "2019.03.09"]

1. Nf3 Nf6 2. d4 c5 3. e3 cxd4 4. exd4 d5 5. c3 g6 6. Bf4 Bg7 7. Bd3 O-O 8. O-O
Nc6 9. Nbd2 Bf5 10. Bxf5 gxf5 11. Ne5 Nxe5 12. Bxe5 Kh8 13. Re1 Rg8 14. Nf1 Ne4
15. Bxg7+ Rxg7 16. f3 Ng5 17. Kh1 e6 18. Qd2 Qe7 19. Qf4 Rag8 20. Re2 h5 21. Qh4
Rh7 22. Rae1 Rh6 23. Rf2 Rg7 24. Nd2 Qf6 25. Qf4 h4 26. Qe5 Qxe5 27. dxe5 1/2-1/2

[Event "Prague International Open"]
[Site "Prague CZE"]
[Date "2019.03.11"]
[Round "4.50"]
[White "Kucera, Tomas1"]
[Black "Henni, Mohamed"]
[Result "0-1"]
[BlackTitle "IM"]
[WhiteElo "2013"]
[BlackElo "2282"]
[WhiteFideId "311065"]
[BlackFideId "7900171"]
[EventDate "2019.03.09"]

1. e4 e5 2. Nf3 Nc6 3. d4 exd4 4. Bc4 Nf6 5. e5 d5 6. Bb5 Ne4 7. Nxd4 Bd7 8.
Bxc6 bxc6 9. O-O Bc5 10. f3 Ng5 11. Be3 Bb6 12. f4 Ne4 13. Nd2 c5 14. Ne2 Nxd2
15. Qxd2 d4 16. Bf2 Bc6 17. f5 Qd7 18. e6 fxe6 19. fxe6 Qd5 20. Nf4 Qg5 21. Bg3
O-O 22. a4 c4 23. Kh1 Rae8 24. Qe2 Qc5 25. Qg4 Qf5 26. Qe2 d3 27. Nxd3 cxd3 28.
Rxf5 0-1

[Event "Prague International Open"]
[Site "Prague CZE"]
[Date "2019.03.11"]
[Round "4.61"]
[White "Skalsky, Alexandr"]
[Black "Ruzicka, Filip"]
[Result "1-0"]
[WhiteElo "2103"]
[BlackElo "1780"]
[WhiteFideId "381799"]
[BlackFideId "386154"]
[EventDate "2019.03.09"]

1. e4 c5 2. Nf3 Nc6 3. Nc3 d6 4. d4 cxd4 5. Nxd4 e5 6. Nf5 Nf6 7. Bg5 a6 8. Bxf6
Qxf6 9. Nd5 Qd8 10. Bc4 b5 11. Bb3 Bxf5 12. exf5 Be7 13. c3 O-O 14. h4 Rb8 15.
Qf3 b4 16. f6 gxf6 17. Bc2 Qd7 18. Bf5 1-0

[Event "Prague International Open"]
[Site "Prague CZE"]
[Date "2019.03.11"]
[Round "4.62"]
[White "Ziogas, Modestas"]
[Black "Nespor, Ivan"]
[Result "1-0"]
[WhiteElo "2092"]
[BlackElo "1735"]
[WhiteFideId "12803740"]
[BlackFideId "358274"]
[EventDate "2019.03.09"]

1. d4 Nf6 2. Nc3 g6 3. Bg5 Bg7 4. Qd2 h6 5. Bf4 d6 6. O-O-O c6 7. e4 Nbd7 8. e5
Nh5 9. exd6 e6 10. Nf3 Nxf4 11. Qxf4 Qf6 12. Qe3 Nb6 13. Ne4 Qd8 14. Ne5 Nd5 15.
d7+ Bxd7 16. Nd6+ Ke7 17. Qa3 Kf6 18. Ndxf7 1-0

[Event "Prague International Open"]
[Site "Prague CZE"]
[Date "2019.03.11"]
[Round "4.64"]
[White "Malecki, Rafal"]
[Black "Nurgaliyev, Sauat"]
[Result "1-0"]
[BlackTitle "CM"]
[WhiteElo "2068"]
[BlackElo "1678"]
[WhiteFideId "1108514"]
[BlackFideId "13726285"]
[EventDate "2019.03.09"]

1. Nf3 Nf6 2. g3 e6 3. Bg2 d5 4. O-O Be7 5. d3 O-O 6. Nbd2 c5 7. e4 Nc6 8. Re1
b5 9. e5 Nd7 10. h4 a5 11. Nf1 Re8 12. N1h2 b4 13. Bf4 h6 14. Ng4 Bf8 15. c4 Nb6
16. Qc2 Ba6 17. b3 a4 18. Qd2 d4 19. Qe2 Ne7 20. Bxh6 gxh6 21. Nf6+ Kg7 22. Qe4
Nf5 23. Qg4+ Kh8 1-0

[Event "Prague International Open"]
[Site "Prague CZE"]
[Date "2019.03.11"]
[Round "4.69"]
[White "Vavruska, Antonin"]
[Black "Paseka, Christian"]
[Result "1-0"]
[WhiteElo "2054"]
[BlackElo "1622"]
[WhiteFideId "301329"]
[BlackFideId "1602748"]
[EventDate "2019.03.09"]

1. e4 c5 2. c3 d5 3. exd5 Qxd5 4. Nf3 Nc6 5. Na3 e6 6. Bc4 Qd8 7. O-O a6 8. d4
cxd4 9. cxd4 Nf6 10. Nc2 h6 11. a3 Be7 12. Re1 O-O 13. Bf4 Nh5 14. Be3 Nf6 15.
Qd3 b5 16. Ba2 Bb7 17. Rad1 Qc7 18. Bc1 Rac8 19. Bb1 b4 20. Ne3 bxa3 21. Ng4 g6
22. Nxh6+ Kg7 23. Nxf7 Nb4 24. Qxg6# 1-0

[Event "Prague International Open"]
[Site "Prague CZE"]
[Date "2019.03.11"]
[Round "4.73"]
[White "Grecny, Karol"]
[Black "Sielicki, Tomasz"]
[Result "0-1"]
[WhiteElo "1853"]
[BlackElo "1996"]
[WhiteFideId "310433"]
[BlackFideId "1111400"]
[EventDate "2019.03.09"]

1. e4 e5 2. Nf3 Nc6 3. Bb5 f5 4. exf5 e4 5. Qe2 Qe7 6. Bxc6 dxc6 7. Nd4 Qe5 8.
Nf3 Qxf5 9. d3 Nf6 10. Nc3 Bb4 11. Bd2 Bxc3 12. Bxc3 O-O 13. Bxf6 exf3 0-1

[Event "Prague International Open"]
[Site "Prague CZE"]
[Date "2019.03.11"]
[Round "4.79"]
[White "Krueger, Thomas"]
[Black "Tesar, Jakub"]
[Result "1-0"]
[WhiteElo "1591"]
[BlackElo "1409"]
[WhiteFideId "4627970"]
[BlackFideId "23718730"]
[EventDate "2019.03.09"]

1. d4 d5 2. Nf3 Nf6 3. e3 c5 4. c3 e6 5. Bd3 Bd7 6. O-O Nc6 7. Nbd2 c4 8. Bc2
Bd6 9. Re1 O-O 10. e4 Bf4 11. e5 Ne8 12. Nf1 Bxc1 13. Rxc1 Ne7 14. h4 Ng6 15. h5
Nh4 16. N1h2 Nxf3+ 17. Nxf3 g6 18. Qd2 Ng7 19. Qh6 f6 20. hxg6 1-0

[Event "Prague International Open"]
[Site "Prague CZE"]
[Date "2019.03.12"]
[Round "5.1"]
[White "Gasanov, Eldar"]
[Black "Stefansson, Hannes"]
[Result "0-1"]
[WhiteTitle "GM"]
[BlackTitle "GM"]
[WhiteElo "2500"]
[BlackElo "2523"]
[WhiteFideId "14104466"]
[BlackFideId "2300087"]
[EventDate "2019.03.09"]

1. c4 Nf6 2. Nc3 e5 3. Nf3 Nc6 4. a3 g6 5. g3 Bg7 6. Bg2 O-O 7. O-O d6 8. d3 Bd7
9. Rb1 Rb8 10. b4 a6 11. h3 b5 12. e4 Nd4 13. Nxd4 exd4 14. Ne2 bxc4 15. Nxd4
cxd3 16. Qxd3 c5 17. bxc5 Rxb1 18. Qxb1 dxc5 19. Nb3 Bb5 20. Re1 Bd3 21. Qa2 Qb6
22. Nd2 c4 23. e5 Nd7 24. Nf3 Rb8 25. Bf4 Qb2 26. Qxb2 Rxb2 27. e6 fxe6 28. Rxe6
Bf8 29. Rxa6 Bc5 30. Ne5 Bxf2+ 31. Kh2 Nb6 32. h4 Bd4 33. Kh3 Bf5+ 34. g4 Be6
35. a4 Bd5 36. Bxd5+ Nxd5 37. Ra8+ Kg7 38. Bg3 Rb3 39. Re8 Bf2 0-1

[Event "Prague International Open"]
[Site "Prague CZE"]
[Date "2019.03.12"]
[Round "5.2"]
[White "Zubov, Alexander"]
[Black "Nguyen, Piotr"]
[Result "1-0"]
[WhiteTitle "GM"]
[BlackTitle "IM"]
[WhiteElo "2605"]
[BlackElo "2419"]
[WhiteFideId "14109409"]
[BlackFideId "1127993"]
[EventDate "2019.03.09"]

1. d4 g6 2. e4 Bg7 3. Nf3 d6 4. Bc4 Nf6 5. Qe2 O-O 6. e5 dxe5 7. dxe5 Nd5 8. h3
Nb6 9. Bb3 c5 10. O-O Nc6 11. c3 c4 12. Bc2 f6 13. Na3 Qd5 14. Bf4 Nxe5 15. Bxe5
fxe5 16. Rae1 Bf5 17. Nxe5 Rac8 18. Bxf5 Rxf5 19. Ng4 Rf7 20. Rd1 Qc6 21. Nc2
Nd5 22. g3 h5 23. Ne5 Qe6 24. Rfe1 Rf5 25. Nd4 Qxe5 26. Qd2 Rd8 27. Rxe5 Rxe5
28. Nf3 Re6 29. Qg5 Red6 30. Nh4 Kf7 31. Rxd5 Rxd5 32. Qxg6+ Kf8 33. Nf5 Rxf5
34. Qxf5+ Bf6 35. Qxh5 1-0

[Event "Prague International Open"]
[Site "Prague CZE"]
[Date "2019.03.12"]
[Round "5.3"]
[White "Sivuk, Vitaly"]
[Black "Pulpan, Jakub"]
[Result "1-0"]
[WhiteTitle "GM"]
[BlackTitle "IM"]
[WhiteElo "2514"]
[BlackElo "2417"]
[WhiteFideId "14116502"]
[BlackFideId "302759"]
[EventDate "2019.03.09"]

1. Nf3 d5 2. c4 e6 3. e3 Nf6 4. b3 Be7 5. Bb2 O-O 6. Nc3 c5 7. cxd5 Nxd5 8. Qc2
Nc6 9. h4 b6 10. a3 h6 11. g4 Nxc3 12. dxc3 Bb7 13. Rh3 f5 14. gxf5 Rxf5 15. Bd3
Rxf3 16. Bh7+ Kh8 17. Rxf3 Nd4 18. cxd4 Bxf3 19. Be4 Bxe4 20. Qxe4 cxd4 21. Rd1
Bf6 22. Bxd4 Bxd4 23. Rxd4 Qf8 24. Rd7 Rc8 25. Rxa7 Qf6 26. Ra8 Qa1+ 27. Ke2
Qb2+ 28. Kf1 Qc3 29. Kg2 e5 30. a4 Rxa8 31. Qxa8+ Kh7 32. Qe4+ Kh8 33. b4 Qc7
34. Kg3 Qc1 35. Kg2 Qc7 36. b5 Qd6 37. Kg3 Qd1 38. Qxe5 Qg1+ 39. Kf3 Qd1+ 40.
Kf4 Qxa4+ 41. e4 Qa7 42. Qe8+ Kh7 43. Kf5 Qc7 44. Qg6+ Kh8 45. Qe6 Kh7 46. h5
Qc5+ 47. Qe5 Qc8+ 48. Qe6 Qc5+ 49. Qd5 Qxf2+ 50. Ke6 Qf6+ 51. Kd7 g5 52. hxg6+
Kxg6 53. e5 Qg7+ 54. Kc6 Qa7 55. Qe6+ Kg5 56. Qf6+ Kg4 57. e6 Qa8+ 58. Kc7 Qa7+
59. Kd6 Qa3+ 60. Kd7 Qd3+ 61. Ke8 Qxb5+ 62. Kf8 1-0

[Event "Prague International Open"]
[Site "Prague CZE"]
[Date "2019.03.12"]
[Round "5.4"]
[White "Sokolov, Alexander"]
[Black "Kriebel, Tadeas"]
[Result "0-1"]
[WhiteTitle "FM"]
[BlackTitle "IM"]
[WhiteElo "2393"]
[BlackElo "2507"]
[WhiteFideId "4119177"]
[BlackFideId "330027"]
[EventDate "2019.03.09"]

1. e4 e5 2. Nc3 Nf6 3. f4 d5 4. exd5 exf4 5. Nf3 Nxd5 6. Nxd5 Qxd5 7. d4 Be7 8.
Bd3 g5 9. Qe2 Nc6 10. Be4 Qd6 11. Bxc6+ Qxc6 12. Nxg5 O-O 13. d5 Qxd5 14. Qxe7
Qxg2 15. Qe4 Qxg5 16. Bxf4 Qh4+ 17. Kd2 Qf2+ 18. Kc1 Bg4 19. Bh6 Bf5 20. Qc4
Rfe8 21. Qc3 Qg2 22. Rd1 Re2 23. Bd2 Rd8 24. b3 Bg6 25. h4 h5 26. a4 Qf2 0-1

[Event "Prague International Open"]
[Site "Prague CZE"]
[Date "2019.03.12"]
[Round "5.5"]
[White "Stany, G.A."]
[Black "Dong, Bao Nghia"]
[Result "1/2-1/2"]
[WhiteTitle "IM"]
[WhiteElo "2507"]
[BlackElo "2180"]
[WhiteFideId "5029104"]
[BlackFideId "12400343"]
[EventDate "2019.03.09"]

1. e4 e6 2. d4 d5 3. Nd2 Nf6 4. e5 Nfd7 5. Bd3 c5 6. c3 Nc6 7. Ne2 f6 8. exf6
Nxf6 9. Nf3 Bd6 10. O-O O-O 11. Bf4 Ng4 12. Bxd6 Qxd6 13. h3 Rxf3 14. hxg4 Rf7
15. f4 Bd7 16. g5 g6 17. Qd2 Raf8 18. g3 b5 19. Kg2 b4 20. Rab1 a5 21. Qe3 Qe7
22. Ng1 bxc3 23. bxc3 cxd4 24. cxd4 Qa3 25. Rf2 e5 26. dxe5 Nxe5 27. Rb3 Qd6 28.
Rd2 Ng4 29. Qb6 Qxb6 30. Rxb6 Ne3+ 31. Kf2 Nc4 32. Bxc4 dxc4 33. Ne2 Rc8 34. Nc3
Bf5 35. a4 Bd3 36. Rdb2 h6 37. R2b5 hxg5 38. Rxg5 Rh7 39. Rxa5 Rh2+ 40. Ke3 Rg2
41. Kf3 Rd2 42. Nd5 Rf8 43. Rc5 Kg7 44. Rb7+ Rf7 45. Rcc7 Rxc7 46. Rxc7+ Kf8 47.
Ke3 Rg2 48. a5 Ra2 49. Ra7 Ra3 50. Kd4 Bf1 51. Nc3 Ke8 52. a6 Ra5 53. Ra8+ Kf7
54. Ne4 c3 55. Nxc3 Rxa6 56. Rxa6 Bxa6 57. Ke5 Bc8 58. Ne4 Kg7 59. Nf6 Kf7 60.
g4 Kg7 61. Ne8+ Kf8 62. Nf6 Kg7 63. g5 Kf7 64. Kd6 Bf5 65. Nd7 Ke8 66. Ne5 Kf8
67. Nc6 Kf7 68. Nd4 Bg4 69. Kd5 Bh3 70. Ke5 Bd7 71. Kd6 Bg4 72. Nc2 Bc8 73. Kc7
Bf5 74. Ne3 Be6 75. Kd8 Bb3 76. Kd7 Be6+ 77. Kd6 Bh3 78. Nc4 Bf5 79. Ke5 Ke7 80.
Nd6 Bg4 81. Nc4 Bf5 82. Ne3 Bh3 83. Nd5+ Kf7 84. Kd6 Bf5 85. Kc7 Be6 86. Nb4 Bh3
87. Nc2 Ke7 88. Ne3 Be6 89. Nc2 Bf5 90. Ne3 Be4 91. Ng4 Ke6 92. Ne5 Kf5 93. Nxg6 1/2-1/2

[Event "Prague International Open"]
[Site "Prague CZE"]
[Date "2019.03.12"]
[Round "5.6"]
[White "Cernousek, Lukas"]
[Black "Rakotomaharo, Fy Antenaina"]
[Result "1/2-1/2"]
[WhiteTitle "IM"]
[BlackTitle "IM"]
[WhiteElo "2429"]
[BlackElo "2409"]
[WhiteFideId "311707"]
[BlackFideId "13100050"]
[EventDate "2019.03.09"]

1. e4 c5 2. Nf3 d6 3. d4 cxd4 4. Nxd4 Nf6 5. Nc3 a6 6. Be3 e5 7. Nf3 Qc7 8. a4
Nbd7 9. Nd2 Nc5 10. Bg5 Be6 11. Bxf6 gxf6 12. Qf3 Nd7 13. Bd3 Bh6 14. Nf1 Rg8
15. Nd5 Qc5 16. c3 f5 17. Ng3 Rg5 18. b4 Qc8 19. Nxf5 1/2-1/2

[Event "Prague International Open"]
[Site "Prague CZE"]
[Date "2019.03.12"]
[Round "5.7"]
[White "Martin Duque, Jesus"]
[Black "Van den Doel, Erik"]
[Result "1/2-1/2"]
[WhiteTitle "FM"]
[BlackTitle "GM"]
[WhiteElo "2347"]
[BlackElo "2610"]
[WhiteFideId "2208954"]
[BlackFideId "1003720"]
[EventDate "2019.03.09"]

1. e4 c5 2. Nf3 d6 3. d4 cxd4 4. Nxd4 Nf6 5. Nc3 a6 6. h3 e6 7. g4 h6 8. Bg2 Be7
9. Be3 Nc6 10. Qe2 Nxd4 11. Bxd4 e5 12. Be3 b5 13. O-O-O b4 14. Nd5 Nxd5 15.
exd5 O-O 16. Be4 a5 17. Kb1 Bg5 18. Rdg1 Bxe3 19. Qxe3 Qg5 20. Qb6 Ra6 21. Qc7
Qd8 22. Qc4 Ra7 23. Qd3 Qg5 24. Qb5 Qf4 25. f3 f5 26. gxf5 Bxf5 27. Qb6 Raf7 28.
Re1 Bxe4 29. fxe4 Rc8 30. Qxd6 Qd2 31. Rc1 Rfc7 32. Qxe5 Rxc2 33. Qe6+ Kh7 34.
Qf5+ Kg8 35. Qxc8+ Rxc8 36. Rxc8+ Kf7 37. Rc2 Qd3 38. Re1 a4 39. Kc1 Qg3 40. Kd2
b3 41. axb3 axb3 42. Rc4 Qxh3 43. Re2 Qf3 44. Rc3 Qf4+ 45. Kd3 g5 46. Re3 g4 47.
Kd4 h5 48. Rxb3 h4 49. Rb7+ Kg6 50. Rb6+ Kh5 51. d6 g3 52. d7 Qc7 53. Rb5+ Kh6
54. Rd5 Qd8 55. Kd3 g2 56. Re1 h3 57. Rc1 h2 58. Rc8 h1=Q 59. Rxd8 Qf1+ 60. Kd2
Qf2+ 61. Kd3 Qf3+ 62. Kd2 Qf2+ 63. Kd3 Qf1+ 64. Kd2 Qf2+ 65. Kd3 1/2-1/2

[Event "Prague International Open"]
[Site "Prague CZE"]
[Date "2019.03.12"]
[Round "5.8"]
[White "Kramer, Julian"]
[Black "Bernadskiy, Vitaliy"]
[Result "0-1"]
[WhiteTitle "FM"]
[BlackTitle "GM"]
[WhiteElo "2380"]
[BlackElo "2581"]
[WhiteFideId "12921742"]
[BlackFideId "14100371"]
[EventDate "2019.03.09"]

1. e4 c5 2. Nf3 d6 3. d4 cxd4 4. Nxd4 Nf6 5. Nc3 Nbd7 6. g4 d5 7. exd5 Nb6 8.
Bg2 Bxg4 9. Qd3 g6 10. h3 Bc8 11. Bf4 Bg7 12. O-O-O O-O 13. Qf3 Nc4 14. Qe2 Nd6
15. Kb1 Bd7 16. Rhe1 Re8 17. Ndb5 Rc8 18. Be3 Qa5 19. Nxd6 exd6 20. Qd2 Bf5 21.
Bd4 Rxe1 22. Rxe1 b5 23. Rc1 Rc4 24. a3 Ne4 25. Bxe4 Bxd4 26. Bxf5 Bxc3 27. Qe3
Bf6 28. c3 Qd8 29. Bd3 Rc5 30. Qe2 a6 31. f4 Rxd5 32. Be4 Rh5 33. Qd3 d5 34. Bg2
Rf5 35. Re1 Kg7 36. Ka2 h5 37. Rd1 d4 38. cxd4 Rxf4 39. d5 b4 40. Rf1 Rd4 41.
Qe3 bxa3 42. bxa3 Rxd5 0-1

[Event "Prague International Open"]
[Site "Prague CZE"]
[Date "2019.03.12"]
[Round "5.9"]
[White "Gschnitzer, Adrian"]
[Black "Popovic, Dusan"]
[Result "0-1"]
[WhiteTitle "FM"]
[BlackTitle "GM"]
[WhiteElo "2364"]
[BlackElo "2511"]
[WhiteFideId "1270337"]
[BlackFideId "927031"]
[EventDate "2019.03.09"]

1. e4 g6 2. d4 Bg7 3. Nc3 c6 4. Be3 d5 5. f3 Qb6 6. Qd2 Qxb2 7. Rb1 Qa3 8. exd5
Nf6 9. dxc6 bxc6 10. Bd3 O-O 11. Nge2 Nbd7 12. O-O Ba6 13. Rfe1 Bxd3 14. Qxd3
Nb6 15. Ng3 Rfd8 16. Bf2 e6 17. Nge4 Nxe4 18. fxe4 c5 19. Rb3 Qa5 20. Rb5 Qa6
21. Rxc5 Qxd3 22. cxd3 Bxd4 23. Bxd4 Rxd4 24. Rd1 Rad8 25. Kf2 Rxd3 26. Rxd3
Rxd3 27. Ke2 Rd7 28. a4 Rd4 29. Ke3 Rb4 30. a5 Na4 31. Nxa4 Rxa4 32. g4 Kf8 33.
g5 Ke8 34. Kf4 Kd7 35. Ke5 a6 36. Kf6 Rxe4 37. Kxf7 Rf4+ 38. Kg7 Rf5 39. Rc2
Rxg5 40. Kxh7 e5 41. Kh6 Rg4 42. Rb2 e4 43. Re2 Ke6 44. h3 Rf4 45. Kxg6 Ke5 46.
Kg5 Rf1 47. h4 Rg1+ 48. Kh6 Rg3 49. h5 e3 50. Kh7 Ke4 51. h6 Kf3 52. Re1 Kf2 53.
Ra1 e2 0-1

[Event "Prague International Open"]
[Site "Prague CZE"]
[Date "2019.03.12"]
[Round "5.10"]
[White "Kozusek, Daniel"]
[Black "Rasik, Vitezslav"]
[Result "1/2-1/2"]
[BlackTitle "GM"]
[WhiteElo "2350"]
[BlackElo "2463"]
[WhiteFideId "349500"]
[BlackFideId "300306"]
[EventDate "2019.03.09"]

1. d4 g6 2. c4 Bg7 3. g3 Nf6 4. Bg2 O-O 5. Nc3 d6 6. Nf3 Nc6 7. O-O a6 8. b3 Rb8
9. d5 Na5 10. Bg5 h6 11. Bd2 c5 12. dxc6 Nxc6 13. Rc1 Be6 14. Ne1 Ne5 15. Nd5
Kh7 16. e4 Nxd5 17. cxd5 Bg4 18. f3 Qb6+ 19. Kh1 Bd7 20. Bc3 Bb5 21. Rg1 Rbc8
22. Qd2 h5 23. Bd4 Qxd4 24. Qxd4 Rxc1 25. Qd2 Rfc8 26. f4 Ng4 27. h3 Rd1 28. Qa5
Nf2+ 29. Kh2 Bc3 30. Qb6 Bd4 31. Qxb7 Ng4+ 32. hxg4 Bxg1+ 33. Kxg1 Rxe1+ 34. Kh2
Rc2 35. Qxe7 Kg7 36. gxh5 Ree2 37. h6+ Kxh6 38. Qf8+ Kh7 39. Qxf7+ Kh6 40. Qf8+
Kh7 41. Kh3 Rxg2 42. Qxd6 Rxa2 43. Kg4 Raf2 44. Qe7+ Kh6 45. Qf8+ Kh7 46. Qf7+
Kh6 47. Qf8+ Kh7 48. Qf7+ 1/2-1/2

[Event "Prague International Open"]
[Site "Prague CZE"]
[Date "2019.03.12"]
[Round "5.11"]
[White "Yandarbiev, Ruslan"]
[Black "Stachowiak, Kamil"]
[Result "0-1"]
[WhiteTitle "IM"]
[BlackTitle "IM"]
[WhiteElo "2302"]
[BlackElo "2433"]
[WhiteFideId "4115023"]
[BlackFideId "1119966"]
[EventDate "2019.03.09"]

1. e4 c5 2. Nf3 d6 3. d4 cxd4 4. Nxd4 Nf6 5. Nc3 a6 6. h3 g6 7. g4 Bg7 8. Be3 h5
9. g5 Nfd7 10. Qd2 O-O 11. O-O-O b5 12. Kb1 Bb7 13. a3 Nc6 14. Nxc6 Bxc6 15. Bd4
Bxd4 16. Qxd4 Qb6 17. f4 Qxd4 18. Rxd4 Nc5 19. Nd5 Ra7 20. Bd3 Kh8 21. Rf1 a5
22. Ne3 Ne6 23. Rd5 Bxd5 24. exd5 Nc5 25. Bxb5 f6 26. h4 fxg5 27. fxg5 Rxf1+ 28.
Bxf1 Ra8 29. b4 axb4 30. axb4 Nd7 31. Kb2 Rf8 32. Bd3 Kg7 33. b5 Rf4 34. Nc4
Rxh4 35. Kc3 Rg4 36. b6 Rxg5 37. b7 Rxd5 38. Nb6 Rc5+ 39. Kb4 Rc7 40. Nxd7 Rxb7+
41. Bb5 h4 0-1

[Event "Prague International Open"]
[Site "Prague CZE"]
[Date "2019.03.12"]
[Round "5.12"]
[White "Shagbazyan, Taron"]
[Black "Suarez Uriel, Adrian"]
[Result "1/2-1/2"]
[WhiteTitle "FM"]
[BlackTitle "IM"]
[WhiteElo "2421"]
[BlackElo "2395"]
[WhiteFideId "14122073"]
[BlackFideId "22230874"]
[EventDate "2019.03.09"]

1. d4 Nf6 2. c4 g6 3. g3 Bg7 4. Bg2 c5 5. e3 cxd4 6. exd4 d5 7. cxd5 Nxd5 8. Nc3
Nxc3 9. bxc3 O-O 10. Ne2 Nc6 11. O-O Bf5 12. a4 Rc8 13. Ba3 Qd7 14. Re1 Rfe8 15.
Qb3 Na5 16. Qb5 b6 17. Bb4 Nc6 18. Ba3 e5 19. d5 Na5 20. Bb4 Nc4 21. Qxd7 Bxd7
22. a5 b5 23. Nc1 Bf8 24. Nb3 Bf5 25. a6 Bd3 26. Na5 Bxb4 27. cxb4 Nxa5 28. Rxa5
Red8 29. Ra3 Bf5 30. Ra5 Bd3 31. Ra3 Bf5 32. Ra5 Bd3 1/2-1/2

[Event "Prague International Open"]
[Site "Prague CZE"]
[Date "2019.03.12"]
[Round "5.13"]
[White "Bakhmatsky, Vladislav"]
[Black "Vedrickas, Tautvydas"]
[Result "1/2-1/2"]
[BlackTitle "FM"]
[WhiteElo "2419"]
[BlackElo "2390"]
[WhiteFideId "14124890"]
[BlackFideId "12802654"]
[EventDate "2019.03.09"]

1. e4 g6 2. d4 Bg7 3. Nc3 d6 4. f4 a6 5. Nf3 b5 6. Bd3 Nd7 7. e5 c5 8. Be4 Rb8
9. O-O Nh6 10. exd6 O-O 11. f5 exd6 12. dxc5 dxc5 13. fxg6 hxg6 14. Bg5 Nf6 15.
Qxd8 Rxd8 16. Rae1 Re8 17. Bf4 Rb6 18. Nd5 Rbe6 19. Ng5 Nxd5 20. Nxe6 Nxf4 21.
Nxf4 Bd4+ 22. Kh1 Ng4 23. Nd5 Kg7 24. c3 Nf2+ 25. Kg1 Nh3+ 1/2-1/2

[Event "Prague International Open"]
[Site "Prague CZE"]
[Date "2019.03.12"]
[Round "5.14"]
[White "Rakesh, Kumar Jena"]
[Black "Lavrov, Maxim1"]
[Result "0-1"]
[WhiteTitle "IM"]
[BlackTitle "IM"]
[WhiteElo "2416"]
[BlackElo "2387"]
[WhiteFideId "5084822"]
[BlackFideId "4166418"]
[EventDate "2019.03.09"]

1. d4 Nf6 2. Bf4 g6 3. Nc3 d5 4. e3 Bg7 5. Nf3 Bg4 6. h3 Bxf3 7. Qxf3 c6 8.
O-O-O b5 9. g4 Nbd7 10. g5 Nh5 11. Bh2 O-O 12. Kb1 e5 13. h4 Qe7 14. Bxb5 e4 15.
Qg2 cxb5 16. Nxd5 Qe6 17. Nc7 Qc6 18. Nxa8 Rxa8 19. Rhf1 Nb6 20. Qg4 f5 21. Qe2
Nd5 22. c3 a5 23. Rc1 Rc8 24. Rc2 a4 25. Rfc1 Qc4 26. Qxc4 bxc4 27. Re2 Bf8 28.
Kc2 Ng7 29. Rf1 Ne8 30. Be5 Nd6 31. a3 Re8 32. Rd2 Nf7 33. Rg1 Bd6 34. Rdd1 Kf8
35. Rh1 Bxe5 36. dxe5 Rxe5 37. Rd4 Nb6 38. h5 Rd5 0-1